Fifa 21 Top 100 U-23 Player Potentials - Statistics

General Stats
  • This quiz has been taken 148 times
  • The average score is 48 of 100
Answer Stats
Rating Potential Club Nation Player % Correct
90 95 PSG France Kylian Mbappe
99%
81 93 Atletico Madrid Portugal Joao Felix
98%
84 93 Borussia Dortmund Norway Erling Haaland
97%
85 92 Chelsea Germany Kai Havertz
97%
85 92 Piemonte Calcio Netherlands Matthijs De Ligt
93%
85 91 FC Barcelona Netherlands Frenkie De Jong
91%
79 91 Manchester City England Phil Foden
90%
87 92 Borussia Dortmund England Jadon Sancho
88%
85 91 Manchester United England Marcus Rashford
86%
72 91 FC Barcelona Spain Pedri
86%
85 92 AC Milan Italy Gianluigi Donnarumma
84%
87 91 Liverpool England Trent Alexander-Arnold
83%
80 90 Real Madrid Brazil Vinicius Junior
82%
69 88 Borussia Dortmund England Jude Bellingham
81%
83 89 Arsenal Norway Martin Odegaard
76%
84 89 Inter Milan Argentina Lautaro Martinez
74%
81 89 Bayern Munich Canada Alphonso Davies
73%
83 89 Real Madrid Uruguay Federico Valverde
73%
81 88 Manchester City Portugal Ruben Dias
73%
79 88 Real Madrid Brazil Rodrygo
72%
81 87 Chelsea United States Christian Pulisic
70%
68 89 Bayer Leverkusen Germany Florian Wirtz
69%
83 89 FC Barcelona France Ousmane Dembele
69%
75 88 FC Barcelona United States Sergino Dest
69%
83 88 Inter Milan Morocco Achraf Hakimi
68%
76 90 FC Barcelona Spain Ansu Fati
67%
75 88 Arsenal England Bukayo Saka
67%
75 88 Getafe CF Japan Takefusa Kubo
65%
77 88 Piemonte Calcio Sweden Dejan Kulusevski
64%
68 88 Borussia Dortmund United States Giovanni Reyna
64%
79 90 RB Leipzig France Dayot Upamecano
63%
80 87 Chelsea England Mason Mount
63%
81 88 Manchester City Spain Ferran Torres
62%
72 87 Bayern Munich Germany Jamal Musiala
62%
84 88 Leicester City Nigeria Wilfred Ndidi
62%
84 89 Real Sociedad Spain Mikel Oyarzabal
61%
80 89 Inter Milan Italy Nicolo Barella
61%
77 88 AC Milan Italy Sandro Tonali
59%
79 87 Napoli Nigeria Victor Osimhen
59%
83 87 Manchester United Netherlands Donny Van De Beek
58%
76 89 Stade Rennes France Eduardo Camavinga
58%
80 87 Liverpool Portugal Diogo Jota
56%
78 88 Ajax Brazil Antony
55%
77 89 Manchester United England Mason Greenwood
55%
80 87 Real Madrid Brazil Eder Militao
53%
78 88 RB Leipzig France Ibrahima Konate
53%
79 87 RB Leipzig Spain Dani Olmo
52%
81 87 Everton Brazil Richarlison
52%
83 87 Manchester City Brazil Gabriel Jesus
51%
81 87 Leeds United Brazil Raphinha
51%
80 88 Tottenham Hotspur France Tanguy Ndombele
51%
83 88 Liverpool England Joe Gomez
50%
81 88 Bayer Leverkusen France Moussa Diaby
50%
83 88 Manchester United England Aaron Wan-Bissaka
47%
75 87 Inter Milan Italy Alessandro Bastoni
47%
72 87 SL Benfica Uruguay Darwin Nunez
46%
78 88 Bayer Leverkusen Burkina Faso Edmond Tapsoba
46%
79 87 Sevilla FC France Jules Kounde
46%
81 88 Olympique Lyon France Houssem Aouar
45%
78 87 FC Barcelona Portugal Francisco Trincao
44%
82 87 Wolves Portugal Ruben Neves
44%
75 87 RB Leipzig Hungary Dominik Szoboszlai
43%
80 87 RB Leipzig France Nordi Mukiele
41%
82 87 Tottenham Hotspur Spain Sergio Reguilon
41%
66 86 Manchester United Ivory Coast Amad Diallo
40%
67 88 Olympique Lyon France Rayan Cherki
34%
83 87 Borussia Monchengladbach Switzerland Denis Zakaria
32%
74 87 Chelsea England Callum Hudson-Odoi
30%
70 89 Ajax Netherlands Ryan Gravenberch
30%
75 87 Brighton & Hove Albion England Ben White
28%
65 87 Blackburn Rovers England Harvey Elliott
28%
78 87 Hertha BSC Brazil Matheus Cunha
28%
74 87 Sparta Prague Czech Republic Adam Hlozek
26%
80 87 Manchester United England Dean Henderson
26%
73 87 Sporting CP Spain Pedro Porro
25%
79 87 Borussia Monchengladbach Germany Florian Neuhaus
24%
70 87 PSV Eindhoven England Noni Madueke
23%
81 87 Getafe CF Spain Marc Cucurella
19%
76 87 Sporting CP Portugal Pedro Goncalves
18%
69 87 Sporting CP Portugal Joelson Fernandes
17%
69 86 RB Salzburg Germany Karim Adeyemi
17%
75 87 FC Barcelona Spain Riqui Puig
17%
73 88 Velez Sarsfield Argentina Thiago Almada
17%
64 87 Rapid Vienna Austria Yusuf Demir
16%
67 87 Dinamo Zagreb Croatia Josko Gvardiol
15%
76 86 Sporting CP Portugal Nuno Mendes
15%
66 87 PAOK Greece Christos Tzolis
14%
62 86 Real Madrid Japan Takuhiro Nakai
12%
71 88 Club Lanus Argentina Pedro De La Vega
11%
77 87 PSV Eindhoven Netherlands Mohamed Ihattaren
10%
71 87 D. Alaves Uruguay Facundo Pellistri
9%
74 86 FC Porto Brazil Evanilson
8%
73 87 Club Banfield Argentina Agustin Urzi
6%
69 86 FC Porto Portugal Fabio Vieira
6%
66 86 FC Porto Portugal Francisco Conceicao
5%
67 86 Sparta Prague Czech Republic Adam Karabec
4%
75 87 SL Benfica Brazil Pedrinho
4%
67 86 FC St. Gallen Switzerland Leonidas Stergiou
3%
68 86 KRC Genk Belgium Maarten Vandevoordt
3%
72 86 Sporting CP Portugal Daniel Braganca
2%
No matching quizzes found
Score Distribution
Percent of People with Each Score
Percentile by Number Answered
Your Score History
You have not taken this quiz